000 00707nam a22002057a 4500
999 _c75522
_d75522
005 20180922162758.0
010 _aB-508500-507
020 _a9788183555289
_c195.00
035 _aB-508500-507
037 _bKKP/Ven
082 _a808.882
245 _aBig book of quotations:
_ban A to Z dictionary wise/
260 _aNoida
_bG.K.Publications
_c2012
270 _aH-205, Sector-63,
_bNoida (U.P)
_e201307
_k01204267181
_l0120-4267183
_mgkp@gkpublications.com
300 _a592p.
_c21cm(pbk)
500 _aIncludes index
650 _aMechanics, Applied
942 _2ddc
_cEN
_h808.882
_mBIG